Handbook of Special Education: (Record no. 5176)
[ view plain ]
| 000 -LEADER | |
|---|---|
| fixed length control field | 00624nam a22001817a 4500 |
| 005 - DATE AND TIME OF LATEST TRANSACTION | |
| control field | 20250325105934.0 |
| 008 - FIXED-LENGTH DATA ELEMENTS--GENERAL INFORMATION | |
| fixed length control field | 250325b |||||||| |||| 00| 0 eng d |
| 020 ## - INTERNATIONAL STANDARD BOOK NUMBER | |
| International Standard Book Number | 0080333842 |
| 050 ## - LIBRARY OF CONGRESS CALL NUMBER | |
| Classification number | LC3965 |
| Item number | .H263 MIL |
| 245 ## - TITLE STATEMENT | |
| Title | Handbook of Special Education: |
| Remainder of title | Research and Practice/Volume 2 |
| Statement of responsibility, etc. | Edited by; Margaret C. Wang, Maynard C. Reynolds & Herbert J. Walberg. |
| 260 ## - PUBLICATION, DISTRIBUTION, ETC. | |
| Place of publication, distribution, etc. | New York |
| Name of publisher, distributor, etc. | Pergamon Press plc |
| Date of publication, distribution, etc. | 1988 |
| 300 ## - PHYSICAL DESCRIPTION | |
| Extent | xi. 392p. |
| Dimensions | 21 cm |
| 650 ## - SUBJECT ADDED ENTRY--TOPICAL TERM | |
| Source of heading or term | Special Education |
| 700 ## - ADDED ENTRY--PERSONAL NAME | |
| Personal name | Wang Margaret C. (editor) |
| 700 ## - ADDED ENTRY--PERSONAL NAME | |
| Personal name | Reynolds Maynard C. (editor) |
| 700 ## - ADDED ENTRY--PERSONAL NAME | |
| Personal name | Walberg Herbert J. (editor) |
| 942 ## - ADDED ENTRY ELEMENTS (KOHA) | |
| Source of classification or shelving scheme | Library of Congress Classification |
| Koha item type | Books |
| Suppress in OPAC | No |
| 999 ## - | |
| -- | 5176 |
| -- | 5176 |
| Withdrawn status | Lost status | Source of classification or shelving scheme | Damaged status | Not for loan | Collection | Home library | Current library | Shelving location | Date acquired | Total checkouts | Full call number | Barcode | Date last seen | Copy number | Price effective from | Koha item type |
|---|---|---|---|---|---|---|---|---|---|---|---|---|---|---|---|---|
| Library of Congress Classification | Non-fiction | Business Library (Miotso) | Business Library (Miotso) | General stacks | 03/25/2025 | LC3965 .H263 MIL | BSSM00001601 | 03/25/2025 | 1 | 03/25/2025 | Books |